| 000 | 00539nam a22001813 4500 | ||
|---|---|---|---|
| 001 | 202816 | ||
| 090 | _a202816 | ||
| 100 | _a20260630d u||y0pory50 ba | ||
| 200 |
_aA cantora careca _eanti-peȧ _fEugňe Ionesco |
||
| 210 |
_aLisboa _cContraponto _d[D.L. 1959] |
||
| 215 |
_a46 p., [1] f. _cbrochado _d17 cm |
||
| 225 |
_aTeatro no bolso _v8 |
||
| 606 |
_93172 _aLiteratura Romena |
||
| 675 |
_a821.135.1-1 _vPT _zpor |
||
| 700 |
_917671 _aIonesco _bEugn̈e _f1909-1994 |
||
| 801 |
_aPT _bBMMN _gRPC |
||
| 830 |
_cAna Falardo _fAna Falardo |
||
| 990 | _cLIVROS | ||